Normal view
MARC view
- Fire sprinklers
Entry Topical Term
001 - CONTROL NUMBER
- control field: 44283
003 - CONTROL NUMBER IDENTIFIER
- control field: NUST
005 - DATE AND TIME OF LATEST TRANSACTION
- control field: 20210314132933.0
008 - FIXED-LENGTH DATA ELEMENTS
- fixed length control field: 210314|| aca||aabn | a|a d
040 ## - CATALOGING SOURCE
- Original cataloging agency: NUST
- Transcribing agency: NUST
150 ## - HEADING--TOPICAL TERM
- Topical term or geographic name entry element: Fire sprinklers
670 ## - SOURCE DATA FOUND
- Source citation: Work cat.: (NUST): Bryan, John L., 44282, Automatic sprinkler & standpipe systems /, c1976.
